000 00313nam a22001337a 4500
008 181105b xxu||||| |||| 00| 0 eng d
020 _a9780201642032
041 _aeng
080 _22nd
_a510
100 _a36
101 _aMAT
245 _aIntegrated Arithmetic & Basic Algebra
_cJordan,B.E
942 _2udc
_cBK
999 _c51805
_d51805